Trabajo de acero inoxidable

Bibliographic Details
Main Author: Ortuño, Modesto
Format: Section = Libro
Language:Undetermined
Spanish
Published: España CEAC 1967
Subjects:
LEADER 00453nam a2200181Ia 4500
008 240829s9999 xx 000 0 und d
040 |a BIBLIOTECA-RUPAP 672 O77 
041 |a spa 
082 |a 672 O77 
100 1 |a Ortuño, Modesto 
245 1 0 |a Trabajo de acero inoxidable 
260 |a España  |b CEAC  |c 1967 
300 |a 214 p. :il. 
650 7 |a ACERO INOXIDABLE 
650 7 |b  ACERO ALEACIONES. I. Tít. 
942 |c BK  |2 ddc 
991 |a TEXTO 
999 |c 10220